| 000 | 00383nam a2200145Ia 4500 | ||
|---|---|---|---|
| 008 | 230917s9999||||xx |||||||||||||| ||und|| | ||
| 040 |
_e37451 _aMAIN |
||
| 041 | _aEnglish | ||
| 082 | _a954.01 G346I | ||
| 100 | _aGhosh, Praphullachandra | ||
| 245 | 0 | _aIndia as known to ancient and mediaeval Europe | |
| 260 |
_aCalcutta _bShakuntala Debi _c1978 |
||
| 300 | _a88 p. | ||
| 942 | _cBK | ||
| 999 |
_c210014 _d210014 |
||